Responsabilità medica e decisione sul fatto incerto
Guardat en:
| Autor principal: | |
|---|---|
| Format: | Llibre |
| Idioma: | italià |
| Publicat: |
Padua
CEDAM
2002
|
| Col·lecció: | Le Monografie di Contratto e Impresa, 66
|
| Matèries: | |
| Etiquetes: |
Afegir etiqueta
Sense etiquetes, Sigues el primer a etiquetar aquest registre!
|
MARC
| LEADER | 00000nam a2200000 a 4500 | ||
|---|---|---|---|
| 001 | UCL9362 | ||
| 003 | CL-VaPUC | ||
| 008 | 040806e20020000IT |||||||||||||||||ita|d | ||
| 020 | |a 8813239742 | ||
| 082 | 0 | 4 | |a 344.450412 |b CIA |2 21 |
| 100 | 0 | |a Ciatti, Alessandro |e author |9 487139 | |
| 245 | 1 | 0 | |a Responsabilità medica e decisione sul fatto incerto |
| 300 | |a 207 p | ||
| 942 | |c BK | ||
| 945 | |d 20040806 00:00:00 |a cmena | ||
| 260 | |a Padua |b CEDAM |c 2002 | ||
| 650 | 0 | |a Responsabilidad médica |9 357519 | |
| 650 | 0 | |a Ética médica |9 312024 | |
| 650 | 0 | |a Derecho civil italiano |9 400952 | |
| 650 | 0 | |a Responsabilidad contractual |9 256720 | |
| 650 | 0 | |a Ordenamiento jurídico |9 355371 | |
| 650 | 0 | |a Toma de decisiones |9 257530 | |
| 651 | 0 | |a Italia |9 254949 | |
| 583 | |a last modification |c 20040806 00:00:00 |k Rodrigo Vera | ||
| 490 | 0 | |a Le Monografie di Contratto e Impresa, 66 | |
| 999 | |c 310157 |d 310155 | ||
| 952 | |0 0 |1 0 |4 0 |6 344_450412000000000_CIA_2002 |7 0 |8 A |9 378370 |a BIBDER |b BIBDER |d 2019-11-21 |i 4042751 |o 344.450412 CIA 2002 |p 4042751 |r 2023-01-25 |w 2019-11-21 |y BK |k DER | ||